| 000 | 00576nam a2200181 a 4500 | ||
|---|---|---|---|
| 001 | 000020835 | ||
| 005 | 20241028095415.0 | ||
| 008 | 100818s1979 ve 000 0 spa d | ||
| 040 |
_aDO-SdBNP _bspa _cBPJMB |
||
| 082 |
_aV862 _bP349a |
||
| 100 | 1 |
_aPeña, Edilio. _943670 |
|
| 245 | 1 | 0 |
_aApuntes sobre el texto teatral / _cEdilio Peña. |
| 260 |
_aCaracas : _bFundación para la Cultura y las Artes del Distrito Federal, _c1979. |
||
| 300 |
_a57 p. ; _c22 cm. |
||
| 490 | 1 |
_aCuadernos de Difusión, _v37 |
|
| 650 | 0 |
_aTeatro _97455 |
|
| 830 | 0 |
_aCuadernos de Difusión, _v37 _96694 |
|
| 999 |
_c20338 _d20338 |
||